Welcome to the Holygrace Academy Library

Please use search bar below to get started

THE ESSENTIALS OF VEDUC MATHEMATICS (Record no. 1317)

MARC details
000 -LEADER
fixed length control field 00423nam a22001577a 4500
020 ## - INTERNATIONAL STANDARD BOOK NUMBER
ISBN 978-81-291-2374-9
082 ## - DEWEY DECIMAL CLASSIFICATION NUMBER
Classification number 510
Item number THA/E
100 ## - MAIN ENTRY--AUTHOR NAME
Personal name THAKUR, RAJESH KUMAR
245 ## - TITLE STATEMENT
Title THE ESSENTIALS OF VEDUC MATHEMATICS
Remainder of title MATHEMATICS
246 ## - VARYING FORM OF TITLE
Title proper/short title THE ESSENTIALS OF VEDUC MATHEMATICS
Remainder of title MATHEMATICS
260 ## - PUBLICATION, DISTRIBUTION, ETC. (IMPRINT)
Place of publication DELHI
Name of publisher RUPA PUBLICATIONS
Year of publication 2013
300 ## - PHYSICAL DESCRIPTION
Number of Pages 267
505 ## - FORMATTED CONTENTS NOTE
Formatted contents note MATHEMATICS
520 ## - SUMMARY, ETC.
Summary, etc MATHEMATICS
942 ## - ADDED ENTRY ELEMENTS (KOHA)
Koha item type Books
Holdings
Withdrawn status Lost status Collection code Home library Current library Shelving location Date acquired Source of acquisition Cost, normal purchase price Full call number Accession Number Koha item type
    Reference Main Library Main Library SHELF-5 B REFERENCE MATHS 07/10/2015 Purchase 295.00 510 THA/E 09679 Books